The evolution of useful things

محفوظ في:
التفاصيل البيبلوغرافية
المؤلف الرئيسي: Petroski, Henry
التنسيق: كتاب
اللغة:Undetermined
منشور في: New York Alfred A. Knopf 1993
الموضوعات:
الوسوم: إضافة وسم
لا توجد وسوم, كن أول من يضع وسما على هذه التسجيلة!
Thư viện lưu trữ: Trung tâm Học liệu Trường Đại học Cần Thơ
LEADER 00448nam a2200169Ia 4500
001 CTU_78176
008 210402s9999 xx 000 0 und d
082 |a 609 
082 |b P497 
100 |a Petroski, Henry 
245 4 |a The evolution of useful things 
245 0 |c Henry Petroski 
260 |a New York 
260 |b Alfred A. Knopf 
260 |c 1993 
650 |a Inventions,Patents 
980 |a Trung tâm Học liệu Trường Đại học Cần Thơ